Bundestrainer der deutschen Männer-Fußballnationalmannschaft - Statistiken

Allgemein
  • Dieses Quiz wurde 137 mal gespielt
  • Das Durchschnittsergebnis liegt bei 9 aus 12
Antwortstatistiken
Hint Antwort % Korrekt
2006-2021 Joachim Löw
100%
2021-2023 Hansi Flick
99%
2023- Julian Nagelsmann
97%
1984-1990 Frank Beckenbauer
94%
2004-2006 Jürgen Klinsmann
92%
2000-2004 Rudi Völler
88%
1936-1964 Sepp Herberger
66%
1990-1998 Berti Vogts
64%
1998-2000 Erich Ribbeck
59%
1964-1978 Helmut Schön
59%
1978-1984 Jupp Derwall
37%
1926-1936 Otto Nerz
24%
Keine übereinstimmenden Quizze gefunden
Verteilung der Resultate
Anzahl Personen mit jedem Resultat
Perzentil nach korrekt beantworteten Fragen
Ihre Resultats-Entwicklung
Sie haben dieses Quiz noch nicht gespielt